000 00351nam a2200133Ia 4500
003 GCL
008 140319s9999 xx 000 0 eng d
040 _aGCL /
_cGCL
082 0 4 _a306
_bF A
245 1 0 _aAPPLICATIONS IN COMPUTING FOR SOCIAL ANTROPOGISTS
260 _a[S.N] :
_bROUTLEDGE ،
_c1994
300 _a233 P
490 _aASA RESEARCH METHODS
_v0
999 _c20775
_d20775